• 首页
  • 本馆介绍
  • 公告通知
  • 最新文献
  • 馆藏检索
  • 电子资源
  • 读者导购
  • 参考咨询
  • 我的图书馆
  • 登录
  • 详细信息显示
  • 放入我的书架
  • 预约/预借图书
  • 作者相关作品
  • 分类相关作品
  • 丛书相关作品
  • 出版社相关作品

书目信息

  • 表格格式
  • 工作单格式
  • 卡片格式
题名:
旅行社常见疑难法律问题
    
 
作者: ;中国旅行社协会法律工作委员会 编著
分册:  
出版信息: 北京   中国旅游出版社  2015.1
页数: 257页
开本: 23cm
丛书名:
单 册:
中图分类: D922.296.4
科图分类:
主题词: 旅行社--Lv Hang She--经济法--基本知识--中国 , 经济法--Jing Ji Fa , 基本知识--Ji Ben Zhi Shi , 中国--Zhong Guo
电子资源:
ISBN: 978-7-5032-5090-3
000 01147nam0 22003011 450
001 350012
005 20161008165848.20
010    @a978-7-5032-5090-3@dCNY48.00
100    @a20150202d2015 em y0chiy50 ea
101 0  @achi
102    @aCN@b110000
105    @ay z 000yy
106    @ar
200 1  @a旅行社常见疑难法律问题@ALv Hang She Chang Jian Yi Nan Fa Lv Wen Ti@dDifficult legal issues in travel agency@f中国旅行社协会法律工作委员会编著@zeng
205    @a3版
210    @a北京@c中国旅游出版社@d2015.1
215    @a257页@d23cm
300    @a根据《旅行发》全面修订
330    @a本书按照《旅游法》及旅行社相关法律法规的规定,对各类旅行社在经营管理活动中的权利义务、法律责任等进行了明确的说明。
510 1  @aDifficult legal issues in travel agency@zeng
606 0  @a旅行社@ALv Hang She@x经济法@x基本知识@y中国
606 0  @a经济法@AJing Ji Fa
606 0  @a基本知识@AJi Ben Zhi Shi
606 0  @a中国@AZhong Guo
690    @aD922.296.4@v5
711 02 @a中国旅行社协会法律工作委员会@AZhong Guo Lv Hang She Xie Hui Fa Lv Gong Zuo Wei Yuan Hui@4编著
801  0 @aCN@bTANGWEI@20160802
905    @b0887885-9@dD922.296.4@e1338=3@f5
    
    旅行社常见疑难法律问题=Difficult legal issues in travel agency/中国旅行社协会法律工作委员会编著.-3版.-北京:中国旅游出版社,2015.1
    257页;23cm
    根据《旅行发》全面修订
    
    ISBN 978-7-5032-5090-3:CNY48.00
    本书按照《旅游法》及旅行社相关法律法规的规定,对各类旅行社在经营管理活动中的权利义务、法律责任等进行了明确的说明。
●
相关链接 在E读中查询图书 在五车中查询图书 在当当中查询图书 在豆瓣中查询图书


正题名:旅行社常见疑难法律问题     索取号:D922.296.4/1338=3         预约/预借

序号 登录号 条形码 馆藏地/架位号 状态 备注
1 0887885   208878856   第一样本阅览室/ [索取号:D922.296.4/1338=3] 在馆    
2 0887886   208878865   密集书库-资源管理系/ [索取号:D922.296.4/1338=3] 在馆    
3 0887887   208878874   第一借阅区/ [索取号:D922.296.4/1338=3] 在馆    
4 0887888   208878883   第一借阅区/ [索取号:D922.296.4/1338=3] 在馆    
5 0887889   208878892   第一借阅区/ [索取号:D922.296.4/1338=3] 在馆    
唐山师范学院图书馆 欢迎您!
大连网信软件有限公司© 版权所有